E-Auto Bestand pro 1000 Einwohner - Statistiken

Allgemein
  • Dieses Quiz wurde 118 mal gespielt
  • Das Durchschnittsergebnis liegt bei 8 aus 10
Antwortstatistiken
E-PKW auf 1000 EW Land % Korrekt
8,5 Deutschland
99%
20,6 Schweden
93%
5,2 USA
93%
81,0 Norwegen
92%
6,4 Frankreich
89%
3,0 China
81%
1,7 Italien
75%
36,8 Island
63%
6,7 Großbritannien
62%
2,9 Südkorea
62%
Keine übereinstimmenden Quizze gefunden
Verteilung der Resultate
Anzahl Personen mit jedem Resultat
Perzentil nach korrekt beantworteten Fragen
Ihre Resultats-Entwicklung
Sie haben dieses Quiz noch nicht gespielt